000 00983nam a22002777a 4500
001 6856
003 FISKH
005 20250827142914.0
008 250603b cb ||||| |||| 00| 0 eng d
040 _aFISKH
_beng
_cFISKH
_dFISKH
050 _aQA113 .A52
082 _a513.5
100 _aAker, Suzanne
245 _aWhat comes in 2's, 3's, & 4's?
_cby Suzanne Aker ; illustrated by Bernie Karlin
250 _aFirst Scholastic printing, 1993
260 _aNew York :
_bScholastic,
_c1990.
300 _a40 unnumbere pages :
_bcolor illustrations ;
_c21 x 26 cm
505 _aJ
520 _aIntroduces the numbers two, three, and four by enumerating the ways in which they occur in everyday life, from your two eyes and two arms to the four seasons of the year.
521 8 _a470
_bLexile AD
521 8 _aJ
_bRaz-Plus
650 _aConcepts Counting
_vNumbers and Counting
700 _aKarlin, Bernie
_eillustrator
942 _2ddc
_cBK
_n0
999 _c6856
_d6856